LEADER 01496oam 2200385 a 450 001 9910700912603321 005 20110920072659.0 035 $a(CKB)5470000002413905 035 $a(OCoLC)701251010 035 $a(EXLCZ)995470000002413905 100 $a20110209d2011 ua 0 101 0 $aeng 135 $aurmn||||a|||| 181 $ctxt$2rdacontent 182 $cc$2rdamedia 183 $acr$2rdacarrier 200 10$aFinancial management$b[electronic resource] $eNOAA needs to better document its policies and procedures for providing management and administration services : report to Congressional Committees /$fU.S. Government Accountability Office 210 1$a[Washington, D.C.] :$cU.S. Govt. Accountability Office,$d[2011] 215 $a1 online resource (ii, 46 pages) $ccolor illustrations 300 $aTitle from title screen (viewed on Feb. 4, 2011). 300 $a"January 2011." 300 $a"GAO-11-226." 320 $aIncludes bibliographical references. 517 $aFinancial management 606 $aAdministrative agencies$zUnited States$xAppropriations and expenditures$xManagement 606 $aCivil service$zUnited States$xFinance$xManagement 615 0$aAdministrative agencies$xAppropriations and expenditures$xManagement. 615 0$aCivil service$xFinance$xManagement. 801 0$bOLA 801 1$bOLA 801 2$bGPO 906 $aBOOK 912 $a9910700912603321 996 $aFinancial Management$9424135 997 $aUNINA